Jeppy's Taxonomy - Statistics

General Stats
  • This quiz has been taken 33 times
  • The average score is 3 of 6
Answers on the Map
Answers color-coded by a green-red scale on the quiz's map according to % correct below.
 
Answer Stats
Taxonomic Rank Answer % Correct
Kingdom Animalia
100%
Domain Eukaryota
76%
Phylum Chordata
66%
Class Actinopterygii
34%
Infraclass Teleostei
21%
Subclass Neopterygii
17%
No matching quizzes found
Score Distribution
Percent of People with Each Score
Percentile by Number Answered
Your Score History
You have not taken this quiz